00390 a2200121 4500001001000000005001700010008004100027245006700068100001700135700001900152773008000171999001700251ART_4537820260410161939.0260409a 10aCumulative causation and the "new" Theories of economic growth1 aSkott, Peter1 aAuerbach, Paul0 tJournal of post Keynesian economicsg- Vol. 17, NÂș 3 (mar. 1995)wREV26226 c29297d29297